000 00863nam a2200289 4500
003 OSt
005 20260601171003.0
008 260508b1976\\\\enka||||\||||\00|\0\eng\d
020 _a0850720311
040 _aICI
_bspa
_cICI
041 _aeng
050 _aNA9053.S6
_bS77 1976
245 1 _aStreet Scene
264 _bLondon :
_cDesign Council ,
_a1976
300 _a64 páginas :
_bilustraciones
336 _atexto
_2rdacontent
337 _asin medio
_2rdamedia
338 _avolumen
_2rdacarrier
500 _aObra sobre diseño urbano y planificación visual de espacios públicos
650 _aDiseño urbano
_920844
650 _aCalles
_xDiseño y construcción
_931828
650 _aPaisaje urbano
650 _aMobiliario urbano
_931830
650 _aPlaneación urbana
_931831
655 _2local
_aEstudios urbanos
_931832
942 _2lcc
_cB
_n1
999 _c20176
_d20176